<?xml version="1.0" encoding="UTF-8"?>
<record
    xmlns:xsi="http://www.w3.org/2001/XMLSchema-instance"
    xsi:schemaLocation="http://www.loc.gov/MARC21/slim http://www.loc.gov/standards/marcxml/schema/MARC21slim.xsd"
    xmlns="http://www.loc.gov/MARC21/slim">

  <leader>01076nam a2200229 a 4500</leader>
  <controlfield tag="001">47824</controlfield>
  <controlfield tag="003">BD-RjUL</controlfield>
  <controlfield tag="005">20211209054412.0</controlfield>
  <controlfield tag="008">160810s1967    bg a|||| |||| 00| e eng d</controlfield>
  <datafield tag="035" ind1=" " ind2=" ">
    <subfield code="a">(BD-RjUL)</subfield>
  </datafield>
  <datafield tag="040" ind1=" " ind2=" ">
    <subfield code="a">BD-RjUL</subfield>
    <subfield code="b">ben</subfield>
    <subfield code="c">BD-RjUL</subfield>
    <subfield code="d">BD-RjUL</subfield>
  </datafield>
  <datafield tag="041" ind1=" " ind2=" ">
    <subfield code="a">ben</subfield>
  </datafield>
  <datafield tag="082" ind1=" " ind2=" ">
    <subfield code="2">23</subfield>
    <subfield code="a">327.73</subfield>
    <subfield code="b">BEJ 1967</subfield>
  </datafield>
  <datafield tag="100" ind1="1" ind2=" ">
    <subfield code="a">&#x9AC;&#x9BE;&#x9B0;&#x9CD;&#x9A1;&#x9BF;&#x982;, &#x98F;&#x9CD;&#x9AF;&#x9BE;&#x9A8;&#x9A1;&#x9CD;&#x9B0;&#x9C1; &#x98F;&#x987;&#x99A;</subfield>
    <subfield code="9">145208</subfield>
  </datafield>
  <datafield tag="245" ind1="1" ind2=" ">
    <subfield code="a">&#x9AF;&#x9C1;&#x995;&#x9CD;&#x9A4;&#x9B0;&#x9BE;&#x9B7;&#x9CD;&#x99F;&#x9CD;&#x9B0;&#x9C7;&#x9B0; &#x9AA;&#x9B0;&#x9B0;&#x9BE;&#x9B7;&#x9CD;&#x99F;&#x9CD;&#x9B0;-&#x9AC;&#x9CD;&#x9AF;&#x9AC;&#x9B8;&#x9CD;&#x9A5;&#x9BE; /</subfield>
    <subfield code="c">&#x98F;&#x9CD;&#x9AF;&#x9BE;&#x9A8;&#x9A1;&#x9CD;&#x9B0;&#x9C1; &#x98F;&#x987;&#x99A; &#x9AC;&#x9BE;&#x9B0;&#x9CD;&#x9A1;&#x9BF;&#x982; &#x98F;&#x9AC;&#x982; &#x985;&#x9A8;&#x9C1;&#x9AC;&#x9BE;&#x9A6; &#x98F;. &#x995;&#x9C7;.&#x98F;&#x9AE;.&#x9AE;&#x9B9;&#x9BF;&#x989;&#x9A6;&#x9CD;&#x9A6;&#x9C0;&#x9A8;</subfield>
  </datafield>
  <datafield tag="260" ind1=" " ind2=" ">
    <subfield code="a">&#x9A2;&#x9BE;&#x995;&#x9BE; :</subfield>
    <subfield code="b">&#x996;&#x9CB;&#x9B6;&#x9B0;&#x9BE;&#x99C; &#x995;&#x9BF;&#x9A4;&#x9BE;&#x9AC; &#x9AE;&#x9B9;&#x9B2;,</subfield>
    <subfield code="c">&#x9E7;&#x9EF;&#x9EC;&#x9ED;</subfield>
  </datafield>
  <datafield tag="300" ind1=" " ind2=" ">
    <subfield code="a">&#x9E7;&#x9E8;&#x9E6; &#x9AA;&#x9C3;. :</subfield>
    <subfield code="b">&#x99A;&#x9BF;&#x98F;&#x9BE;&#x9AC;&#x9B2;&#x9BF; ;</subfield>
    <subfield code="c">&#x9E8;&#x9E7; &#x9B8;&#x9C7;&#x9AE;&#x9BF;.</subfield>
  </datafield>
  <datafield tag="650" ind1=" " ind2=" ">
    <subfield code="a">&#x9AC;&#x9C8;&#x9A6;&#x9C7;&#x9B6;&#x9BF;&#x995; &#x9B8;&#x9AE;&#x9CD;&#x9AA;&#x9B0;&#x9CD;&#x995;</subfield>
    <subfield code="z">&#x9AF;&#x9C1;&#x995;&#x9CD;&#x9A4;&#x9B0;&#x9BE;&#x9B7;&#x9CD;&#x99F;&#x9CD;&#x9B0;</subfield>
    <subfield code="9">145209</subfield>
  </datafield>
  <datafield tag="650" ind1=" " ind2=" ">
    <subfield code="a">Foreign relations</subfield>
    <subfield code="z">United States</subfield>
    <subfield code="9">145210</subfield>
  </datafield>
  <datafield tag="700" ind1=" " ind2=" ">
    <subfield code="a">&#x9AE;&#x9B9;&#x9BF;&#x989;&#x9A6;&#x9CD;&#x9A6;&#x9C0;&#x9A8;, &#x98F;. &#x995;&#x9C7;.&#x98F;&#x9AE;.</subfield>
    <subfield code="9">145211</subfield>
  </datafield>
  <datafield tag="942" ind1=" " ind2=" ">
    <subfield code="2">ddc</subfield>
    <subfield code="c">BK</subfield>
  </datafield>
  <datafield tag="999" ind1=" " ind2=" ">
    <subfield code="c">47824</subfield>
    <subfield code="d">47824</subfield>
  </datafield>
  <datafield tag="952" ind1=" " ind2=" ">
    <subfield code="0">0</subfield>
    <subfield code="1">0</subfield>
    <subfield code="2">ddc</subfield>
    <subfield code="4">0</subfield>
    <subfield code="7">0</subfield>
    <subfield code="8">NFIC</subfield>
    <subfield code="a">RUCL</subfield>
    <subfield code="b">RUCL</subfield>
    <subfield code="c">Stack</subfield>
    <subfield code="d">1971-12-07</subfield>
    <subfield code="g">0.00</subfield>
    <subfield code="l">0</subfield>
    <subfield code="o">B 327.73 BEJ 1967</subfield>
    <subfield code="r">2016-08-10 00:00:00</subfield>
    <subfield code="t">C-2</subfield>
    <subfield code="w">2016-08-10</subfield>
    <subfield code="y">BK</subfield>
  </datafield>
</record>
